| 000 | 00827cam a2200253 a 4500 | ||
|---|---|---|---|
| 001 | 3034772 | ||
| 003 | OSt | ||
| 005 | 20240625094443.0 | ||
| 008 | 950803s1995 maua 001 0 eng | ||
| 010 | _a 95038357 | ||
| 020 | _a0240514386 (pbk.) | ||
| 040 |
_aDLC _cDLC _dDLC |
||
| 082 | 0 | 0 | _a770 GAL 1995 |
| 100 | 1 |
_aGaler, Mark. _917742 |
|
| 245 | 1 | 0 |
_aPhotography : _bfoundations for art & design : a guide to creative photography / _cMark Galer. |
| 260 |
_aBoston : _bButterworth-Heinemann, _c1995. |
||
| 300 |
_a119 p. : _bill. ; _c30 cm. |
||
| 500 | _aIncludes index. | ||
| 650 | 0 |
_aPhotography, Artistic. _917743 |
|
| 650 | 0 |
_aPhotography. _917744 |
|
| 906 |
_a7 _bcbc _corignew _d1 _eocip _f19 _gy-gencatlg |
||
| 942 |
_2ddc _cO_SHELF |
||
| 999 |
_c8779 _d8779 |
||